00342nam a2200133Ia 4500008004100000020001500041041001200056100001600068245005800084250000800142260003400150300000800184650001600192221030s9999 xx 000 0 und d a8175155728 aEnglish aE. Horowitz 0aFundamentals of Programming Languagescby E. Horowitz a2nd bGalgotia PubaNew Delhic2012 a446 aBE Computer